000 00514nam a2200169Ia 4500
008 230917s9999||||xx |||||||||||||| ||und||
020 _cRS599
040 _e252452
_aMAIN
041 _aEnglish
082 _a658.472 M662B
100 _aMinelli, Michael
245 0 _aBig analytics: Emerging business intelligence and analytic trends for today's businesses
260 _aNew Delhi
_bWiley India
_c2018
300 _axxiii, 187 p.
500 _a3371 20/12/2018 APD19/1089548 19/01/2019 Main Budget
942 _cBK
999 _c29482
_d29482